Hướng dẫn thực hiện chuẩn kiến thức, kĩ năng môn tin học trung học phổ thông

Nội dung tài liệu gồm hai phần chính: giới thiệu chung về chuẩn kiến thức, kĩ năng của chương trình giáo dục phổ thông; hướng dẫn thực hiện chuẩn kiến thức, kĩ năng của từng môn học trong chương trình giáo dục phổ thông...

Description complète

Enregistré dans:
Détails bibliographiques
Auteur principal: Quách, Tất Kiên
Format: Livre
Langue:Undetermined
Publié: Hà Nội Giáo dục Việt Nam 2010
Sujets:
Tags: Ajouter un tag
Pas de tags, Soyez le premier à ajouter un tag!
Thư viện lưu trữ: Trung tâm Học liệu Trường Đại học Cần Thơ
LEADER 01104nam a2200217Ia 4500
001 CTU_191282
008 210402s9999 xx 000 0 und d
020 |c 13800 
082 |a 005.0712 
082 |b K305 
100 |a Quách, Tất Kiên 
245 0 |a Hướng dẫn thực hiện chuẩn kiến thức, kĩ năng môn tin học trung học phổ thông 
245 0 |c Quách Tất Kiên (chủ biên), Nguyễn Hải Châu 
260 |a Hà Nội 
260 |b Giáo dục Việt Nam 
260 |c 2010 
520 |a Nội dung tài liệu gồm hai phần chính: giới thiệu chung về chuẩn kiến thức, kĩ năng của chương trình giáo dục phổ thông; hướng dẫn thực hiện chuẩn kiến thức, kĩ năng của từng môn học trong chương trình giáo dục phổ thông 
650 |a Computers,Tin học 
650 |x Study and teaching (Secondary),Dạy và học (trung học) 
904 |i Bằng 
980 |a Trung tâm Học liệu Trường Đại học Cần Thơ